Normal view
MARC view
Entry Personal Name
001 - CONTROL NUMBER
- control field: 549347
003 - CONTROL NUMBER IDENTIFIER
- control field: OSt
005 - DATE AND TIME OF LATEST TRANSACTION
- control field: 20220930092633.0
008 - FIXED-LENGTH DATA ELEMENTS
- fixed length control field: 220930|| aca||aabn | a|a d
040 ## - CATALOGING SOURCE
- Original cataloging agency: OSt
- Transcribing agency: OSt
100 ## - HEADING--PERSONAL NAME
- Personal name: Dr. A. K. Nagpal Gu
670 ## - SOURCE DATA FOUND
- Source citation: Work cat.: (OSt)884084: Kaushik M. R. 549346, Prospective evaluation of the bedside index for severity in acute pancreatitis (bisap) score in assessing severity and outcome in acute pancreatitis, 2014
